Statistics for Alice in Wonderland - In a World of my Own Lyrics

Click here to take the quiz!

General Stats

  • This quiz has been taken 45 times
  • The average score is 88 of 104

Answer Stats

Answer% Correct
a
100%
I
100%
In
100%
in
100%
of
100%
world
100%
my
97%
own
97%
And
94%
and
94%
the
94%
be
88%
me
88%
to
88%
would
88%
Would
88%
for
85%
that
85%
wonderland
85%
flowers
82%
hours
82%
talk
82%
All
79%
birds
79%
bluebirds
79%
brook
79%
could
79%
have
79%
houses
79%
it
79%
little
79%
rabbits
79%
song
79%
understand
79%
When
79%
Cats
76%
special
76%
way
76%
wishing
76%
babbling
74%
dressed
74%
extra
74%
fancy
74%
hear
74%
i'm
74%
keep
74%
new
74%
sit
74%
They
74%
trousers
74%
Because
71%
friendly
71%
hats
71%
listen
71%
powers
71%
shoes
71%
very
71%
lonely
68%
Lots
68%
dozen
65%
Everyone
65%
reside
65%
There'd
65%
howdy-do
62%
nice
59%
Within
44%

Score Distribution

Percentile by Number Answered

Percent of People with Each Score

Your Score History

You have not taken this quiz